Biochemistry review (Record no. 234504)
[ view plain ]
| 000 -LEADER | |
|---|---|
| fixed length control field | 01058nam a22002057a 4500 |
| 005 - DATE AND TIME OF LATEST TRANSACTION | |
| control field | 20250620154831.0 |
| 008 - FIXED-LENGTH DATA ELEMENTS--GENERAL INFORMATION | |
| fixed length control field | 250620b |||||||| |||| 00| 0 eng d |
| 020 ## - INTERNATIONAL STANDARD BOOK NUMBER | |
| International Standard Book Number | 9788187134817 |
| 040 ## - CATALOGING SOURCE | |
| Transcribing agency | AL |
| 041 ## - LANGUAGE CODE | |
| Language code of text/sound track or separate title | English |
| 082 ## - DEWEY DECIMAL CLASSIFICATION NUMBER | |
| Edition number | 23 |
| Classification number | 574.192 |
| Item number | SATB |
| 100 ## - MAIN ENTRY--PERSONAL NAME | |
| Personal name | U Satyanarayana |
| 9 (RLIN) | 215651 |
| 245 ## - TITLE STATEMENT | |
| Title | Biochemistry review |
| Remainder of title | : viva case studies and MCQs |
| 260 ## - PUBLICATION, DISTRIBUTION, ETC. | |
| Place of publication, distribution, etc. | Kolkata |
| Name of publisher, distributor, etc. | Books and Allied |
| Date of publication, distribution, etc. | 2015 |
| 300 ## - PHYSICAL DESCRIPTION | |
| Extent | xxv,85p. |
| Other physical details | PB |
| Dimensions | 24x18cm. |
| 365 ## - TRADE PRICE | |
| Source of price type code | General |
| Price type code | 1455 |
| Price amount | ₹156.00 |
| Currency code | ₹ |
| Unit of pricing | ₹195.00 |
| Price note | 20% |
| Price effective from | 17/06/2025 |
| 520 ## - SUMMARY, ETC. | |
| Summary, etc. | Chemical constituents of life; physiological biochemistry; metabolisms; clinical biochemistry and nutrition; current topics; nutritional disorders; metabolic diseases/inborn errors; cases related to organ function; cases related to endocrine function; miscellaneous; chemical constituents of life; physiological biochemistry; metabolisms; clinical biochemistry and nutrition; current topics; practical biochemistry-principles; biochemistry iiiusreated. |
| 650 ## - SUBJECT ADDED ENTRY--TOPICAL TERM | |
| Source of heading or term | Biochemistry |
| Topical term or geographic name entry element | Biochemistry |
| 9 (RLIN) | 215652 |
| 942 ## - ADDED ENTRY ELEMENTS (KOHA) | |
| Source of classification or shelving scheme | Dewey Decimal Classification |
| Koha item type | Book |
| Withdrawn status | Lost status | Source of classification or shelving scheme | Damaged status | Not for loan | Collection code | Home library | Current library | Date acquired | Source of acquisition | Cost, normal purchase price | Total Checkouts | Full call number | Barcode | Date last seen | Cost, replacement price | Price effective from | Koha item type |
|---|---|---|---|---|---|---|---|---|---|---|---|---|---|---|---|---|---|
| Dewey Decimal Classification | Bio Chemistry | St Aloysius PG Library | St Aloysius PG Library | 06/18/2025 | Biblios Book Point | 156.00 | 574.192 SATB | PG025013 | 06/20/2025 | 195.00 | 06/20/2025 | Book |